La ética protestante y el espíritu del capitalismo

Este es un texto clásico y a la vez actual para la interpretación sociológica de la historia lo que lo convierte en un libro imprescindible para la evolución del pensamiento contemporáneo.

Gespeichert in:
Bibliographische Detailangaben
1. Verfasser: Weber, Max
Format: Buch
Sprache:Spanish
Veröffentlicht: Barcelona: Ediciones Península, 1994
Ausgabe:13 ed.
Schriftenreihe:Historia/Ciencia/Sociedad; No.47
Schlagworte:
Online Zugang:Enlace del recurso
Tags: Tag hinzufügen
Keine Tags, Fügen Sie den ersten Tag hinzu!

MARC

LEADER 00000nam a2200000 a 4500
001 000643
008 030326s1994 sp # fr# #000|0#spa|d
020 |a 84-297-0918-5 
041 0 |a spa 
043 |a e-sp--- 
082 0 4 |a 261.85  |b W212e 
100 1 |a Weber, Max 
245 1 3 |a La ética protestante y el espíritu del capitalismo   |c Max Weber 
250 |a 13 ed. 
260 |a Barcelona:  |b Ediciones Península,  |c 1994 
300 |a 263 p. 
440 0 |a Historia/Ciencia/Sociedad;  |v No.47 
520 3 |a Este es un texto clásico y a la vez actual para la interpretación sociológica de la historia lo que lo convierte en un libro imprescindible para la evolución del pensamiento contemporáneo. 
534 |p Título original:  |t Protestantische ethik 
650 1 4 |a PROTESTANTISMO 
650 1 4 |a CAPITALISMO 
999 |c 2795  |d 2795 
856 |u https://catalogo.idep.edu.co/cgi-bin/koha/opac-detail.pl?biblionumber=2795  |z Enlace del recurso